Os miseráveis (Record no. 6107)

MARC details
000 -LÍDER
campo de controle de tamanho fixo 00519 a2200205 4500
001 - NÚMERO DE CONTROLE
campo de controle 6107
020 ## - ISBN - INTERNATIONAL STANDARD BOOK NUMBER
ISBN - International Standard Book Number 9788526285996
041 ## - CÓDIGO DE IDIOMA
Código do idioma do texto/trilha sonora ou título diferente por
090 ## - NÚMERO DE CHAMADA LOCAL
Número de chamada (OCLC) (R); Número de chamada, CALL (RLIN) (NR) P Year 9 028
040 ## - FONTE DA CATALOGAÇÃO
Instituição da catalogação original BR-BrIDEA
Instituição que transcreveu o registro BR-BrIDEA
100 ## - ENTRADA PRINCIPAL--NOME PESSOAL
Nome pessoal Hugo, Victor, 1802-1885.
250 ## - EDIÇÃO
Edição . ed.
245 10 - TÍTULO
Título Os miseráveis
Indicação de responsabilidade, etc. Victor, 1802-1885 Hugo
260 ## - PUBLICAÇÃO, DISTRIBUIÇÃO, ETC.
Local de publicação, distribuição, etc. [S.l.]
Nome do editor, distribuidor, etc. Scipione
Data da publicação, distribuição, etc. 1998
490 ## - TÍTULO DA SÉRIE
Título da série Reencontro Literatura
697 ## - ENTRADA DE ASSUNTO LOCAL--ENTIDADE COLETIVA (RLIN)
Nome corporativo ou nome da jurisdição Literatura infantojuvenil.
830 ## - ENTRADA SECUNDÁRIA DE SÉRIE--TÍTULO UNIFORME
Título uniforme Reencontro Literatura
856 ## - LOCALIZAÇÃO ELETRÔNICA E ACESSO
Uniform Resource Identifier <a href="000002/00000277.jpg">000002/00000277.jpg</a>
942 ## - ELEMENTOS DE ENTRADA ADICIONADOS (KOHA)
Tipo de material Koha Livros
Holdings
Situação do descarte Situação das perdas Situação física Não pode ser emprestado Biblioteca de origem Biblioteca atual Data de aquisição Custo, preço normal de compra Total de empréstimos Data de último acesso Data do preço efetivo Tipo de material Koha Fonte da classificação ou esquema de arquivamento na estante Código de barras Número do exemplar Número de chamada completo
        Canadian School of Niterói - Piratininga Canadian School of Niterói - Piratininga 09/02/2024     09/02/2024 09/02/2024 Livros   A14364   HUG
        Contemporâneo - Cidade Verde Contemporâneo - Cidade Verde 24/01/2020 37.00   19/09/2023 19/09/2023 Livros   04970 3  
        Contemporâneo - Cidade Verde Contemporâneo - Cidade Verde 24/01/2020 37.00   19/09/2023 19/09/2023 Livros   03751 2  
        Contemporâneo - Cidade Verde Contemporâneo - Cidade Verde 28/06/2021 37.00   19/09/2023 19/09/2023 Livros   03750 1  
        Contemporâneo - Lagoa Nova P1 Contemporâneo - Lagoa Nova P1 15/01/2020 37.00   19/09/2023 19/09/2023 Livros        
        Contemporâneo - Lagoa Nova P1 Contemporâneo - Lagoa Nova P1 15/01/2020 37.00   19/09/2023 19/09/2023 Livros        
        Contemporâneo - Lagoa Nova P1 Contemporâneo - Lagoa Nova P1 19/08/2022 37.00   19/09/2023 19/09/2023 Livros        
        ECB - SUDOESTE ECB - SUDOESTE 18/12/2015     23/01/2024 23/01/2024 Livros Classificação Decimal de Dewey 00019162SSW   P Year 9 028
        ECB - SUDOESTE ECB - SUDOESTE 14/01/2020     20/05/2024 23/01/2024 Livros Classificação Decimal de Dewey 00047411SSW   P Year 9 028 HUG
        Leonardo Da Vinci - Alphaville 2 Leonardo Da Vinci - Alphaville 2 27/03/2024     27/03/2024 27/03/2024 Livros   2A155   028.5 A582mi